000 01013nam0a22002771 4500
001 RU\NLR\A1SV\87398
005 20251203171251.9
035 _a(NLR Aleph) 009768778
090 _a10047427
_c10047427
100 _a20080507d1919 u y0rusy50 ca
101 0 _arus
102 _aRU
200 1 _aКооперация и образование
_fНиколай Бодрый
210 _aВладивосток
_cСекретариат Союза приамур. кооп.
_d[1919]
215 _a16 с.
_d18 см
300 _aБез тит. л.
620 _dВладивосток
700 1 _7ca
_8rus
_aМатвеев-Бодрый
_bН. Н.
_f1891-1979
_gНиколай Николаевич
_9224636
_3RU\NLR\AUTH\770224692
790 1 _7ca
_8rus
_aМатвеев-Бодрый
_bН. Н.
_f1891-1979
_gНиколай Николаевич
_9224636
_3RU\NLR\AUTH\770224692
801 0 _aRU
_bNLR
_c20080507
852 _aNLR
_j37.67.1.450
899 _aРГБ
942 _cBOOK
980 _aNB
980 _aA1SV